000 00675nam a2200193Ii 4500
003 JO-AjNU
008 230605s9999||||xx |||||||||||||| ||und||
040 _aJO-AjNU
_bara
_erda
_cJO-AjNU
041 _aara
050 1 4 _aT56.6.A486 2010
100 3 _aاعداد عجور ، محمود علي متولى ,
_eauthor
_933850
245 0 0 _aالاحصاء الاحتمالي وبحوث العمليات
264 3 1 _aالقاهرة:المكتب الجامعي الحديث ، 2010
300 _a270ص
336 _atext
_btxt
_2rdacontent
337 _aunmediated
_bn
_2rdamedia
338 _avolume
_bnc
_2rdacarrier
650 4 _aالاحتمالات-رياضيات
_933851
999 _aA13819
_c17387
_d17387